000 00470nam a2200157 4500
001 144280
003 ES-MaACL
005 20230906201001.0
007 t|
008 070214s1935 sp r ||||1| spa d
100 1 _aSierra Corella, Antonio.
_9106267
245 1 0 _aSanto Domingo el Real de Toledo
_b: noticias sobre su fundación y su arte /
_cAntonio Sierra Corella.
260 _aMadrid :
_b[s.n.],
_c1935.
300 _a7 h. :
_bil.
852 _aES-MaACL
_j1767-F-16
999 _c144280
_d144280